000 00511nam a22001937a 4500
003 MPLRDC
005 20220104194639.0
008 210129b ||||| |||| 00| 0 eng d
020 _a978-986-133-500-1
082 _a861.57 SGGY v.7
100 _a松冈圭祐
245 _a万能鉴定士Q的事件簿7
_c李汉庭 译
250 _a初版
260 _a台湾
_b圆神出版社有限公司
_c2014
300 _b
490 _aWOW: 009
650 _a日本文学--小说
942 _cBK
_o861.57 SGGY v.7
999 _c65799
_d65789